[Event "XXII. DBMM Schach"]
[Site "Dresden"]
[Date "2024.01.20"]
[Round "6.3"]
[Board "3"]
[White "Goeppl, Florian"]
[Black "Kehr, Joachim"]
[Result "1-0"]
[WhiteElo "2022"]
[BlackElo "1912"]
[Annotator "br"]
[PlyCount "45"]
[GameId "489223831026"]
[EventDate "2024.01.18"]
[EventType "team-swiss"]
[EventRounds "7"]
[EventCountry "GER"]
[Tiebreak "Buchholz"]
[SourceTitle "XXII. DBMM Schach"]
[Source "FV Schach e.V."]
[SourceDate "2024.01.21"]
[SourceVersion "1"]
[SourceVersionDate "2024.01.21"]
[SourceQuality "1"]
[WhiteTeam "d-fine Frankfurt II"]
[BlackTeam "EFS Filtertechnik Erkrath"]
[WhiteTeamCountry "GER"]
[BlackTeamCountry "GER"]

1. e4 e6 2. d4 d5 3. Nc3 Bb4 4. e5 Qd7 5. Qg4 f5 6. Qg3 b6 7. a3 Bf8 8. Nf3 Ba6 9. Bxa6 Nxa6 10. O-O O-O-O 11. b4 c6 12. Bd2 Kb7 13. Rfb1 Nc7 14. a4 Ra8 15. b5 cxb5 16. Nxb5 Nxb5 17. Rxb5 Rc8 18. Rab1 Ka8 19. a5 bxa5 20. Bxa5 Nh6 21. Nd2 Be7 22. Qb3 Rb8 23. Rxb8+ 1-0

[Event "XXII. DBMM Schach"]
[Site "Dresden"]
[Date "2024.01.20"]
[Round "6.4"]
[Board "4"]
[White "Hiller, Karsten"]
[Black "Sterin, Andrei"]
[Result "0-1"]
[WhiteElo "1200"]
[BlackElo "1400"]
[Annotator "br"]
[PlyCount "58"]
[GameId "489223831027"]
[EventDate "2024.01.18"]
[EventType "team-swiss"]
[EventRounds "7"]
[EventCountry "GER"]
[Tiebreak "Buchholz"]
[SourceTitle "XXII. DBMM Schach"]
[Source "FV Schach e.V."]
[SourceDate "2024.01.21"]
[SourceVersion "1"]
[SourceVersionDate "2024.01.21"]
[SourceQuality "1"]
[WhiteTeam "EFS Filtertechnik Erkrath"]
[BlackTeam "d-fine Frankfurt II"]
[WhiteTeamCountry "GER"]
[BlackTeamCountry "GER"]

1. d4 g6 2. c4 Bg7 3. Nc3 Nf6 4. e4 d6 5. Bd3 O-O 6. Nge2 e5 7. d5 a5 8. O-O Na6 9. f4 Nc5 10. fxe5 dxe5 11. Bc2 Ne8 12. b3 f5 13. Ba3 b6 14. Na4 f4 15. Bxc5 bxc5 16. Nxc5 g5 17. Nc3 g4 18. Ne6 Qh4 19. g3 fxg3 20. Rxf8+ Bxf8 21. Qe2 Bxe6 22. dxe6 Bc5+ 23. Kh1 Bf2 24. Qxf2 gxf2 25. Ne2 Ra6 26. Ng3 Rxe6 27. Rf1 Rh6 28. Rxf2 Qxg3 29. Rg2 Qf3 0-1

[Event "XXII. DBMM Schach"]
[Site "Dresden"]
[Date "2024.01.20"]
[Round "6.1"]
[Board "1"]
[White "Hund, Sarah"]
[Black "Guder, Sibylle"]
[Result "1/2-1/2"]
[WhiteElo "2015"]
[BlackElo "1822"]
[Annotator "br"]
[PlyCount "41"]
[GameId "489223831028"]
[EventDate "2024.01.18"]
[EventType "team-swiss"]
[EventRounds "7"]
[EventCountry "GER"]
[Tiebreak "Buchholz"]
[SourceTitle "XXII. DBMM Schach"]
[Source "FV Schach e.V."]
[SourceDate "2024.01.21"]
[SourceVersion "1"]
[SourceVersionDate "2024.01.21"]
[SourceQuality "1"]
[WhiteTeam "SV Sparkassenversicherung Suttgart"]
[BlackTeam "BA Tempelhof Berlin III"]
[WhiteTeamCountry "GER"]
[BlackTeamCountry "GER"]

1. e4 c5 2. c3 Nf6 3. e5 Nd5 4. Nf3 d6 5. Bb5+ Bd7 6. Bc4 e6 7. O-O Nb6 8. Bb3 c4 9. Bc2 Nc6 10. exd6 Bxd6 11. b3 Ne5 12. Ba3 Bc6 13. Nxe5 Bxe5 14. Qg4 h5 15. Qh3 Qg5 16. Re1 Qf6 17. bxc4 Nxc4 18. d4 Bc7 19. Be4 Bxe4 20. Rxe4 O-O-O 21. Qd3 1/2-1/2

[Event "XXII. DBMM Schach"]
[Site "Dresden"]
[Date "2024.01.20"]
[Round "6.2"]
[Board "2"]
[White "Schmidt, Joerg"]
[Black "Schimmele, Alexander"]
[Result "0-1"]
[WhiteElo "1992"]
[BlackElo "1969"]
[Annotator "br"]
[PlyCount "46"]
[GameId "489223831029"]
[EventDate "2024.01.18"]
[EventType "team-swiss"]
[EventRounds "7"]
[EventCountry "GER"]
[Tiebreak "Buchholz"]
[SourceTitle "XXII. DBMM Schach"]
[Source "FV Schach e.V."]
[SourceDate "2024.01.21"]
[SourceVersion "1"]
[SourceVersionDate "2024.01.21"]
[SourceQuality "1"]
[WhiteTeam "BA Tempelhof Berlin III"]
[BlackTeam "SV Sparkassenversicherung Suttgart"]
[WhiteTeamCountry "GER"]
[BlackTeamCountry "GER"]

1. e4 c5 2. b3 e6 3. Bb2 Nc6 4. Nf3 Nf6 5. d3 Be7 6. Be2 O-O 7. Nbd2 d5 8. O-O b6 9. c3 dxe4 10. Nxe4 Bb7 11. Qc2 Rc8 12. Rad1 Qc7 13. Qb1 Rfd8 14. Rfe1 h6 15. Bf1 Rd7 16. Rc1 Rcd8 17. d4 cxd4 18. cxd4 Qf4 19. Nxf6+ Bxf6 20. Ne5 Nxe5 21. dxe5 Rd2 22. Re2 Bh4 23. f3 Rxe2 0-1

[Event "XXII. DBMM Schach"]
[Site "Dresden"]
[Date "2024.01.20"]
[Round "6.3"]
[Board "3"]
[White "Kecker, Christopher"]
[Black "Glienke, Michael"]
[Result "1-0"]
[WhiteElo "1564"]
[BlackElo "1809"]
[Annotator "br"]
[PlyCount "45"]
[GameId "489223831030"]
[EventDate "2024.01.18"]
[EventType "team-swiss"]
[EventRounds "7"]
[EventCountry "GER"]
[Tiebreak "Buchholz"]
[SourceTitle "XXII. DBMM Schach"]
[Source "FV Schach e.V."]
[SourceDate "2024.01.21"]
[SourceVersion "1"]
[SourceVersionDate "2024.01.21"]
[SourceQuality "1"]
[WhiteTeam "SV Sparkassenversicherung Suttgart"]
[BlackTeam "BA Tempelhof Berlin III"]
[WhiteTeamCountry "GER"]
[BlackTeamCountry "GER"]

1. d4 c5 2. d5 Nf6 3. c4 e6 4. Nc3 d6 5. e4 Be7 6. f4 h6 7. Nf3 O-O 8. e5 dxe5 9. fxe5 Nh7 10. Bd3 f5 11. O-O Ng5 12. Nh4 Nf7 13. Ng6 Re8 14. Qh5 Bg5 15. Bxg5 Qxg5 16. Qxg5 hxg5 17. Nb5 Na6 18. g4 exd5 19. cxd5 fxg4 20. e6 Bxe6 21. dxe6 Rxe6 22. Bc4 Rf6 23. Ne5 1-0

[Event "XXII. DBMM Schach"]
[Site "Dresden"]
[Date "2024.01.20"]
[Round "6.1"]
[Board "1"]
[White "Feikes, Joerg"]
[Black "Wirth, Steffen"]
[Result "1/2-1/2"]
[WhiteElo "2054"]
[BlackElo "1826"]
[Annotator "br"]
[PlyCount "44"]
[GameId "489223831032"]
[EventDate "2024.01.18"]
[EventType "team-swiss"]
[EventRounds "7"]
[EventCountry "GER"]
[Tiebreak "Buchholz"]
[SourceTitle "XXII. DBMM Schach"]
[Source "FV Schach e.V."]
[SourceDate "2024.01.21"]
[SourceVersion "1"]
[SourceVersionDate "2024.01.21"]
[SourceQuality "1"]
[WhiteTeam "BA Tempelhof Berlin II"]
[BlackTeam "Gardez Robe Berlin II"]
[WhiteTeamCountry "GER"]
[BlackTeamCountry "GER"]

1. e4 c5 2. Nc3 Nc6 3. g3 g6 4. Bg2 Bg7 5. d3 d6 6. Nf3 Rb8 7. a4 a6 8. Bd2 b5 9. axb5 axb5 10. Qc1 e6 11. O-O Nge7 12. Bh6 O-O 13. Bxg7 Kxg7 14. Qe3 e5 15. Qd2 f5 16. Nd5 h6 17. c3 Nxd5 18. exd5 Ne7 19. Ne1 Bb7 20. c4 f4 21. g4 Re8 22. Nf3 Qb6 1/2-1/2

[Event "XXII. DBMM Schach"]
[Site "Dresden"]
[Date "2024.01.20"]
[Round "6.2"]
[Board "2"]
[White "Stamatow, Christian"]
[Black "Baranowsky, Peter"]
[Result "0-1"]
[WhiteElo "1843"]
[BlackElo "1883"]
[Annotator "br"]
[PlyCount "96"]
[GameId "489223831033"]
[EventDate "2024.01.18"]
[EventType "team-swiss"]
[EventRounds "7"]
[EventCountry "GER"]
[Tiebreak "Buchholz"]
[SourceTitle "XXII. DBMM Schach"]
[Source "FV Schach e.V."]
[SourceDate "2024.01.21"]
[SourceVersion "1"]
[SourceVersionDate "2024.01.21"]
[SourceQuality "1"]
[WhiteTeam "Gardez Robe Berlin II"]
[BlackTeam "BA Tempelhof Berlin II"]
[WhiteTeamCountry "GER"]
[BlackTeamCountry "GER"]

1. e4 c6 2. Nf3 d5 3. Nc3 Nf6 4. e5 Ne4 5. d4 Bg4 6. Bd3 Nxc3 7. bxc3 e6 8. O-O Nd7 9. a4 Be7 10. h3 Bh5 11. Rb1 b6 12. c4 Qc7 13. cxd5 cxd5 14. Bd2 Bg6 15. Qe2 O-O 16. Bg5 Rfe8 17. Bxe7 Rxe7 18. Bxg6 hxg6 19. Qd3 Rc8 20. Rfc1 Qc4 21. Qb3 Nb8 22. c3 Rec7 23. Nd2 Qd3 24. Nf3 Rxc3 25. Rxc3 Rxc3 26. Qb4 Nc6 27. Qb5 Qxb5 28. axb5 Na5 29. Kf1 Nc4 30. Ke2 f6 31. Ra1 Ra3 32. Rb1 Ra5 33. Nd2 Ra2 34. Rd1 Rb2 35. Kd3 Nxd2 36. Rxd2 Rxb5 37. f4 a5 38. Rc2 Rb3+ 39. Kd2 a4 40. Rc6 a3 41. Rxe6 Kf7 42. Rc6 a2 43. Rc7+ Ke6 44. Ra7 Rg3 45. Kc1 Rxg2 46. Ra6 Kf5 47. e6 a1=Q+ 48. Rxa1 Rg1+ 0-1

[Event "XXII. DBMM Schach"]
[Site "Dresden"]
[Date "2024.01.20"]
[Round "6.3"]
[Board "3"]
[White "Koerlin, Hans Juergen"]
[Black "Wittkowski, Ralf"]
[Result "1-0"]
[WhiteElo "1855"]
[BlackElo "1780"]
[Annotator "br"]
[PlyCount "83"]
[GameId "489223831034"]
[EventDate "2024.01.18"]
[EventType "team-swiss"]
[EventRounds "7"]
[EventCountry "GER"]
[Tiebreak "Buchholz"]
[SourceTitle "XXII. DBMM Schach"]
[Source "FV Schach e.V."]
[SourceDate "2024.01.21"]
[SourceVersion "1"]
[SourceVersionDate "2024.01.21"]
[SourceQuality "1"]
[WhiteTeam "BA Tempelhof Berlin II"]
[BlackTeam "Gardez Robe Berlin II"]
[WhiteTeamCountry "GER"]
[BlackTeamCountry "GER"]

1. e4 d5 2. exd5 Nf6 3. Bb5+ Nbd7 4. c4 a6 5. Ba4 b5 6. cxb5 Nxd5 7. bxa6 Bxa6 8. Bc6 Nb4 9. Qf3 Nd3+ 10. Kd1 Rb8 11. Nh3 N3e5 12. Qd5 Nxc6 13. Qxc6 Bb7 14. Qc3 Bxg2 15. Rg1 Bxh3 16. Qxh3 e6 17. b3 Qf6 18. Nc3 Qxf2 19. Rg2 Qf1+ 20. Kc2 Rb6 21. Bb2 Qf4 22. Rg4 Qf5+ 23. Ne4 Rc6+ 24. Bc3 Nf6 25. Rf1 Qa5 26. Nxf6+ gxf6 27. Ra4 Qd5 28. Kb2 Rg8 29. Rff4 Rg1 30. Ra8+ Kd7 31. Rd4 Qxd4 32. Bxd4 Rd1 33. Rxf8 Rxd2+ 34. Ka3 Ra6+ 35. Kb4 Rxd4+ 36. Kc3 Rd5 37. Rxf7+ Kc8 38. a4 Rc6+ 39. Kb2 Rd2+ 40. Ka3 Rc1 41. Qxe6+ Kb7 42. Qe4+ 1-0

[Event "XXII. DBMM Schach"]
[Site "Dresden"]
[Date "2024.01.20"]
[Round "6.4"]
[Board "4"]
[White "Lengowski, Joerg Uwe"]
[Black "Thomas, Andreas"]
[Result "0-1"]
[WhiteElo "1508"]
[BlackElo "1835"]
[Annotator "br"]
[PlyCount "88"]
[GameId "489223831035"]
[EventDate "2024.01.18"]
[EventType "team-swiss"]
[EventRounds "7"]
[EventCountry "GER"]
[Tiebreak "Buchholz"]
[SourceTitle "XXII. DBMM Schach"]
[Source "FV Schach e.V."]
[SourceDate "2024.01.21"]
[SourceVersion "1"]
[SourceVersionDate "2024.01.21"]
[SourceQuality "1"]
[WhiteTeam "Gardez Robe Berlin II"]
[BlackTeam "BA Tempelhof Berlin II"]
[WhiteTeamCountry "GER"]
[BlackTeamCountry "GER"]

1. c4 Nf6 2. Nf3 g6 3. g3 Bg7 4. Bg2 d6 5. O-O O-O 6. Nc3 c6 7. d4 d5 8. cxd5 cxd5 9. Bf4 a6 10. Qd2 Nc6 11. Bh6 Bf5 12. Bxg7 Kxg7 13. Nh4 Be6 14. f4 Bc8 15. f5 Qb6 16. e3 g5 17. Nf3 h6 18. Ne5 Rd8 19. Nxc6 bxc6 20. Na4 Qc7 21. Rac1 Qd6 22. Qc2 Bd7 23. Nb6 Rab8 24. Nxd7 Rxd7 25. b3 Rc7 26. Qc5 Qd7 27. Qa5 Rb5 28. Qc3 a5 29. Qd2 c5 30. dxc5 Rbxc5 31. Rxc5 Rxc5 32. Qd4 Qd6 33. a3 Kg8 34. b4 Rc4 35. Qd2 axb4 36. axb4 Rxb4 37. Rd1 Qc5 38. h3 Qb6 39. Kh1 Qb8 40. Qf2 Rb2 41. Qe1 Qe5 42. g4 Ne4 43. Rd4 Ng3+ 44. Kg1 Ne2+ 0-1

[Event "XXII. DBMM Schach"]
[Site "Dresden"]
[Date "2024.01.20"]
[Round "6.1"]
[Board "1"]
[White "Spory, Rayk"]
[Black "Raum, Norbert"]
[Result "1/2-1/2"]
[WhiteElo "1722"]
[BlackElo "1842"]
[Annotator "br"]
[PlyCount "86"]
[GameId "489223831036"]
[EventDate "2024.01.18"]
[EventType "team-swiss"]
[EventRounds "7"]
[EventCountry "GER"]
[Tiebreak "Buchholz"]
[SourceTitle "XXII. DBMM Schach"]
[Source "FV Schach e.V."]
[SourceDate "2024.01.21"]
[SourceVersion "1"]
[SourceVersionDate "2024.01.21"]
[SourceQuality "1"]
[WhiteTeam "Berliner Volksbank"]
[BlackTeam "BA Nord/Baubehoerde Hamburg II"]
[WhiteTeamCountry "GER"]
[BlackTeamCountry "GER"]

1. e4 d5 2. exd5 Qxd5 3. Nc3 Qd6 4. d4 Nf6 5. Bc4 c6 6. Nge2 Bg4 7. Bb3 e6 8. Bf4 Qxf4 9. Nxf4 Bxd1 10. Nxd1 Bd6 11. Nd3 Nbd7 12. Ne3 O-O-O 13. O-O-O Nd5 14. Nc4 Bc7 15. Nce5 Nxe5 16. Nxe5 Bxe5 17. dxe5 Nf4 18. g3 Ne2+ 19. Kb1 Nd4 20. f4 Kc7 21. c3 Nxb3 22. axb3 c5 23. Kc2 h5 24. Rhg1 a6 25. Rg2 Rxd1 26. Kxd1 g6 27. h4 Rd8+ 28. Rd2 Rxd2+ 29. Kxd2 Kc6 30. Ke3 b5 31. Kf3 Kd5 32. g4 hxg4+ 33. Kxg4 Ke4 34. Kg5 a5 35. Kf6 Kxf4 36. Kxf7 Kf5 37. Kg7 g5 38. h5 g4 39. h6 g3 40. h7 g2 41. h8=Q g1=Q+ 42. Kf7 Qg6+ 43. Ke7 Ke4 1/2-1/2

[Event "XXII. DBMM Schach"]
[Site "Dresden"]
[Date "2024.01.20"]
[Round "6.2"]
[Board "2"]
[White "Kaliski, Achim"]
[Black "Boettger, Bernd"]
[Result "1-0"]
[WhiteElo "1950"]
[BlackElo "1583"]
[Annotator "br"]
[PlyCount "55"]
[GameId "489223831037"]
[EventDate "2024.01.18"]
[EventType "team-swiss"]
[EventRounds "7"]
[EventCountry "GER"]
[Tiebreak "Buchholz"]
[SourceTitle "XXII. DBMM Schach"]
[Source "FV Schach e.V."]
[SourceDate "2024.01.21"]
[SourceVersion "1"]
[SourceVersionDate "2024.01.21"]
[SourceQuality "1"]
[WhiteTeam "BA Nord/Baubehoerde Hamburg II"]
[BlackTeam "Berliner Volksbank"]
[WhiteTeamCountry "GER"]
[BlackTeamCountry "GER"]

1. e4 d5 2. exd5 Nf6 3. d4 Nxd5 4. c4 Nf6 5. Nc3 Bf5 6. Nf3 e6 7. Qb3 Qc8 8. Be2 Be7 9. O-O O-O 10. h3 h6 11. Be3 c6 12. Rad1 Nbd7 13. Bd3 Bxd3 14. Rxd3 Rd8 15. Rfd1 Nb6 16. Bf4 Nh5 17. Bh2 Nd7 18. a3 Nf8 19. d5 exd5 20. cxd5 cxd5 21. Nxd5 Rxd5 22. Rxd5 Nf6 23. R5d2 b6 24. Ne5 Ne6 25. Rc2 Qb7 26. Nxf7 Kxf7 27. Re2 Ne4 28. Rde1 1-0

[Event "XXII. DBMM Schach"]
[Site "Dresden"]
[Date "2024.01.20"]
[Round "6.3"]
[Board "3"]
[White "Von Schoening, Ulrich"]
[Black "Lindemann, Thomas"]
[Result "0-1"]
[WhiteElo "1550"]
[BlackElo "1537"]
[Annotator "br"]
[PlyCount "66"]
[GameId "489223831040"]
[EventDate "2024.01.18"]
[EventType "team-swiss"]
[EventRounds "7"]
[EventCountry "GER"]
[Tiebreak "Buchholz"]
[SourceTitle "XXII. DBMM Schach"]
[Source "FV Schach e.V."]
[SourceDate "2024.01.21"]
[SourceVersion "1"]
[SourceVersionDate "2024.01.21"]
[SourceQuality "1"]
[WhiteTeam "Berliner Volksbank"]
[BlackTeam "BA Nord/Baubehoerde Hamburg II"]
[WhiteTeamCountry "GER"]
[BlackTeamCountry "GER"]

1. c4 c5 2. Nc3 e6 3. d3 d5 4. g3 b6 5. Bg2 Bb7 6. Nf3 Nf6 7. O-O Be7 8. a3 Nbd7 9. e3 e5 10. b3 d4 11. Ne2 O-O 12. Bb2 Re8 13. Qd2 Bd6 14. b4 Re7 15. Rfe1 e4 16. Ng5 dxe3 17. fxe3 Qc7 18. Bxf6 Nxf6 19. Nf4 Rd8 20. Rad1 h6 21. Nge6 fxe6 22. dxe4 e5 23. Nd5 Nxd5 24. exd5 cxb4 25. Bf1 bxa3 26. Bd3 e4 27. Be2 Re5 28. Qc2 Bxd5 29. Rxd5 Rxd5 30. Qxe4 Re5 31. Qg6 Bc5 32. Bf3 Rxe3 33. Bd5+ Re6+ 0-1

[Event "XXII. DBMM Schach"]
[Site "Dresden"]
[Date "2024.01.20"]
[Round "6.4"]
[Board "4"]
[White "Mahler, Sonja"]
[Black "Siewert, Klaus Juergen"]
[Result "1-0"]
[WhiteElo "1428"]
[BlackElo "1641"]
[Annotator "br"]
[PlyCount "65"]
[GameId "489223831041"]
[EventDate "2024.01.18"]
[EventType "team-swiss"]
[EventRounds "7"]
[EventCountry "GER"]
[Tiebreak "Buchholz"]
[SourceTitle "XXII. DBMM Schach"]
[Source "FV Schach e.V."]
[SourceDate "2024.01.21"]
[SourceVersion "1"]
[SourceVersionDate "2024.01.21"]
[SourceQuality "1"]
[WhiteTeam "BA Nord/Baubehoerde Hamburg II"]
[BlackTeam "Berliner Volksbank"]
[WhiteTeamCountry "GER"]
[BlackTeamCountry "GER"]

1. d4 Nf6 2. Bf4 e6 3. a3 d5 4. e3 Nbd7 5. c4 c5 6. dxc5 dxc4 7. Qa4 Bxc5 8. Bxc4 O-O 9. Qc2 Be7 10. Nc3 e5 11. Bg3 a6 12. Rd1 Qc7 13. Ne4 Qb8 14. Ng5 g6 15. h4 Kg7 16. h5 Ng4 17. Nxh7 f5 18. Nxf8 Nxf8 19. Qb3 Kf6 20. h6 f4 21. h7 Nxh7 22. Rxh7 fxg3 23. Nh3 gxf2+ 24. Ke2 Nh6 25. Rf1 Bxh3 26. gxh3 Nf5 27. h4 g5 28. Bf7 Qd6 29. hxg5+ Kxg5 30. Rh5+ Kf6 31. Rxf2 Bf8 32. Rfxf5+ Ke7 33. Rxe5+ 1-0

[Event "XXII. DBMM Schach"]
[Site "Dresden"]
[Date "2024.01.20"]
[Round "6.1"]
[Board "1"]
[White "Ogrodnik, Emil"]
[Black "Fromme, Thorben"]
[Result "0-1"]
[WhiteElo "1500"]
[BlackElo "1700"]
[Annotator "br"]
[PlyCount "86"]
[GameId "489223831042"]
[EventDate "2024.01.18"]
[EventType "team-swiss"]
[EventRounds "7"]
[EventCountry "GER"]
[Tiebreak "Buchholz"]
[SourceTitle "XXII. DBMM Schach"]
[Source "FV Schach e.V."]
[SourceDate "2024.01.21"]
[SourceVersion "1"]
[SourceVersionDate "2024.01.21"]
[SourceQuality "1"]
[WhiteTeam "d-fine Frankfurt III"]
[BlackTeam "DZ Bank Frankfurt II"]
[WhiteTeamCountry "GER"]
[BlackTeamCountry "GER"]

1. e4 c6 2. d4 d5 3. e5 Bf5 4. c4 dxc4 5. Bxc4 e6 6. Nc3 Nd7 7. Nge2 Nb6 8. Bb3 Ne7 9. O-O Ned5 10. f3 Be7 11. a3 O-O 12. Nxd5 Nxd5 13. Nc3 Qd7 14. Nxd5 exd5 15. Bc2 c5 16. Bxf5 Qxf5 17. f4 Rac8 18. Be3 c4 19. Qb1 Qxb1 20. Raxb1 b5 21. Bd2 Bd8 22. Bb4 Re8 23. Rf3 Bb6 24. Rd1 Re6 25. g4 f6 26. Rd2 fxe5 27. fxe5 Rxe5 28. Kg2 Ree8 29. Rf4 a5 30. Bd6 Red8 31. Be5 Rf8 32. Rxf8+ Rxf8 33. h3 Rc8 34. Rf2 b4 35. axb4 axb4 36. Kf1 c3 37. bxc3 bxc3 38. Ke1 c2 39. Bf4 Bxd4 40. Rf1 c1=Q+ 41. Bxc1 Rxc1+ 42. Ke2 Rxf1 43. Kxf1 Kf7 0-1

[Event "XXII. DBMM Schach"]
[Site "Dresden"]
[Date "2024.01.20"]
[Round "6.2"]
[Board "2"]
[White "Rasskazov, Oleg"]
[Black "Moser, Johannes"]
[Result "1-0"]
[WhiteElo "1200"]
[BlackElo "1300"]
[Annotator "br"]
[PlyCount "55"]
[GameId "489223831043"]
[EventDate "2024.01.18"]
[EventType "team-swiss"]
[EventRounds "7"]
[EventCountry "GER"]
[Tiebreak "Buchholz"]
[SourceTitle "XXII. DBMM Schach"]
[Source "FV Schach e.V."]
[SourceDate "2024.01.21"]
[SourceVersion "1"]
[SourceVersionDate "2024.01.21"]
[SourceQuality "1"]
[WhiteTeam "DZ Bank Frankfurt II"]
[BlackTeam "d-fine Frankfurt III"]
[WhiteTeamCountry "GER"]
[BlackTeamCountry "GER"]

1. c4 e5 2. Nc3 Nc6 3. e3 Nf6 4. d4 exd4 5. exd4 d5 6. Nf3 Bb4 7. Be2 Bxc3+ 8. bxc3 O-O 9. Bg5 h6 10. Bh4 Ne7 11. Bxf6 gxf6 12. Qd2 Kg7 13. Rb1 b6 14. Bd3 Bf5 15. Nh4 Qd7 16. Nxf5+ Nxf5 17. h4 Rfe8+ 18. Kf1 Nd6 19. cxd5 Ne4 20. Qf4 Qxd5 21. Rb5 c5 22. Rh3 Qxa2 23. Bxe4 Rxe4 24. Qxe4 Qc4+ 25. Qd3 Qa2 26. d5 Re8 27. Re3 c4 28. Qb1 1-0

[Event "XXII. DBMM Schach"]
[Site "Dresden"]
[Date "2024.01.20"]
[Round "6.3"]
[Board "3"]
[White "Breitsamter, Lorenz"]
[Black "Elpelt, Silvia"]
[Result "1-0"]
[WhiteElo "1500"]
[BlackElo "1483"]
[Annotator "br"]
[PlyCount "79"]
[GameId "489223831044"]
[EventDate "2024.01.18"]
[EventType "team-swiss"]
[EventRounds "7"]
[EventCountry "GER"]
[Tiebreak "Buchholz"]
[SourceTitle "XXII. DBMM Schach"]
[Source "FV Schach e.V."]
[SourceDate "2024.01.21"]
[SourceVersion "1"]
[SourceVersionDate "2024.01.21"]
[SourceQuality "1"]
[WhiteTeam "d-fine Frankfurt III"]
[BlackTeam "DZ Bank Frankfurt II"]
[WhiteTeamCountry "GER"]
[BlackTeamCountry "GER"]

1. e4 e5 2. Nf3 Nc6 3. Bc4 Bc5 4. O-O Nf6 5. d3 h6 6. Be3 Bb6 7. c3 d6 8. h3 Be6 9. Bb3 O-O 10. d4 Bxb3 11. axb3 Nxe4 12. Nbd2 Nxd2 13. Qxd2 e4 14. Nh2 f5 15. Rae1 Qf6 16. f4 d5 17. g4 Qg6 18. Kh1 Kh8 19. Rg1 Rf7 20. Rg3 h5 21. Reg1 h4 22. R3g2 Qh7 23. gxf5 Qxf5 24. Rg4 Kg8 25. Qg2 Qf6 26. Rg6 Qe7 27. f5 Ne5 28. f6 Nxg6 29. fxe7 Nxe7 30. Ng4 Nf5 31. Nh6+ Nxh6 32. Bxh6 Kf8 33. Bxg7+ Ke8 34. Rf1 Rxf1+ 35. Qxf1 Kd7 36. Qf7+ Kc6 37. Qe6+ Kb5 38. Qxd5+ Ka6 39. Qc4+ Ka5 40. Qa4# 1-0

[Event "XXII. DBMM Schach"]
[Site "Dresden"]
[Date "2024.01.20"]
[Round "6.4"]
[Board "4"]
[White "Kulp, Thomas"]
[Black "Wollscheid, Nikolaus"]
[Result "1-0"]
[WhiteElo "1200"]
[BlackElo "1200"]
[Annotator "br"]
[PlyCount "61"]
[GameId "489223831045"]
[EventDate "2024.01.18"]
[EventType "team-swiss"]
[EventRounds "7"]
[EventCountry "GER"]
[Tiebreak "Buchholz"]
[SourceTitle "XXII. DBMM Schach"]
[Source "FV Schach e.V."]
[SourceDate "2024.01.21"]
[SourceVersion "1"]
[SourceVersionDate "2024.01.21"]
[SourceQuality "1"]
[WhiteTeam "DZ Bank Frankfurt II"]
[BlackTeam "d-fine Frankfurt III"]
[WhiteTeamCountry "GER"]
[BlackTeamCountry "GER"]

1. e4 e5 2. f4 d6 3. Nf3 Nc6 4. Bb5 Nge7 5. Nc3 a6 6. Ba4 g6 7. O-O Bg7 8. fxe5 dxe5 9. d3 O-O 10. Be3 Nd4 11. Qd2 Bg4 12. Bh6 Nxf3+ 13. gxf3 Bxh6 14. Qxh6 Be6 15. Kh1 b5 16. Bb3 Bxb3 17. axb3 b4 18. Nd1 Nc6 19. Nf2 Nd4 20. Nh3 f6 21. Rf2 Qd7 22. Rg1 Rf7 23. f4 exf4 24. Nxf4 Ne6 25. Nh5 Ng7 26. Nxf6+ Rxf6 27. Rxf6 Qe7 28. Rgf1 Rf8 29. Rxf8+ Qxf8 30. Rxf8+ Kxf8 31. Qxh7 1-0

[Event "XXII. DBMM Schach"]
[Site "Dresden"]
[Date "2024.01.20"]
[Round "6.1"]
[Board "1"]
[White "Scholz, Philipp"]
[Black "Warnest, Stefan"]
[Result "1-0"]
[WhiteElo "1969"]
[BlackElo "1569"]
[Annotator "fb"]
[PlyCount "53"]
[GameId "489223831046"]
[EventDate "2024.01.18"]
[EventType "team-swiss"]
[EventRounds "7"]
[EventCountry "GER"]
[Tiebreak "Buchholz"]
[SourceTitle "XXII. DBMM Schach"]
[Source "FV Schach e.V."]
[SourceDate "2024.01.21"]
[SourceVersion "1"]
[SourceVersionDate "2024.01.21"]
[SourceQuality "1"]
[WhiteTeam "BSG Commerzbank Frankfurt II"]
[BlackTeam "BA Tempelhof Berlin IV"]
[WhiteTeamCountry "GER"]
[BlackTeamCountry "GER"]

1. d4 Nf6 2. Nf3 d5 3. Bf4 e6 4. e3 Bd6 5. Bg3 O-O 6. c4 c5 7. Nc3 Nc6 8. cxd5 Nxd5 9. Bxd6 Qxd6 10. Ne4 Qe7 11. Nxc5 b6 12. Nd3 Ba6 13. a3 Rac8 14. Qa4 Qb7 15. Be2 h6 16. O-O Nf6 17. Nc5 bxc5 18. Bxa6 Qb6 19. dxc5 Qxb2 20. Rab1 Qc3 21. Rfc1 Qa5 22. Qxa5 Nxa5 23. Bxc8 Rxc8 24. Ne5 Nc6 25. Nxc6 Rxc6 26. Rb8+ Kh7 27. Rb7 1-0

[Event "XXII. DBMM Schach"]
[Site "Dresden"]
[Date "2024.01.20"]
[Round "6.2"]
[Board "2"]
[White "Wolf, Wilfried"]
[Black "Brauer, Frank"]
[Result "1/2-1/2"]
[WhiteElo "1695"]
[BlackElo "1776"]
[Annotator "fb"]
[PlyCount "47"]
[GameId "489223831047"]
[EventDate "2024.01.18"]
[EventType "team-swiss"]
[EventRounds "7"]
[EventCountry "GER"]
[Tiebreak "Buchholz"]
[SourceTitle "XXII. DBMM Schach"]
[Source "FV Schach e.V."]
[SourceDate "2024.01.21"]
[SourceVersion "1"]
[SourceVersionDate "2024.01.21"]
[SourceQuality "1"]
[WhiteTeam "BA Tempelhof Berlin IV"]
[BlackTeam "BSG Commerzbank Frankfurt II"]
[WhiteTeamCountry "GER"]
[BlackTeamCountry "GER"]

1. e4 e5 2. Nc3 Nf6 3. d3 d5 4. exd5 Nxd5 5. Nxd5 Qxd5 6. Nf3 Nc6 7. Be2 Be7 8. O-O O-O 9. Bd2 Bf5 10. Bc3 Rad8 11. Nd2 Nd4 12. Bxd4 Qxd4 13. Bf3 b6 14. Rb1 Rfe8 15. a3 Be6 16. Bc6 Rf8 17. Nf3 Qd6 18. Ba4 a6 19. b4 b5 20. Bb3 Bxb3 21. Rxb3 c5 22. Qe1 Bf6 23. bxc5 Qxc5 24. Qb1 1/2-1/2